Biggest World Countries Without Borders - Statistics

General Stats
  • This quiz has been taken 156 times
  • The average score is 13 of 15
Answer Stats
Area Country % Correct
7,692,024 Australia
100%
109,884 Cuba
97%
587,041 Madagascar
96%
268,021 New Zealand
96%
377,972 Japan
94%
102,775 Iceland
92%
300,000 Philippines
92%
65,610 Sri Lanka
89%
36,197 Taiwan
86%
10,991 Jamaica
85%
9,251 Cyprus
82%
18,274 Fiji
77%
28,400 Solomon Islands
74%
13,878 Bahamas
67%
12,189 Vanuatu
67%
No matching quizzes found
Score Distribution
Percent of People with Each Score
Percentile by Number Answered
Your Score History
You have not taken this quiz